00601nam a22001577a 4500008004100000020001500041040005500056080001800111245004000129260005100169650002700220700002500247942001200272999001700284952014200301230329b |||||||| |||| 00| 0 eng d a8176490768 aNational Science LibrarycNational Science Library aD 681.324bN9 aMultimedia networking handbook 1999 aNew Delhi: bViva Book Private Limited, c1999 aInformation technology aTrulove, James (Ed.) 2udccBK c16163d16163 00102udc406D_681324_N970923974aNSLbNSLcGF/Rk-4/C-13/R-4d1999-03-11l0oD 681.324 N9p178409r2023-03-29 00:00:00w1999-03-11yBK